Jalisco : planeación y urbanización /

Wedi'i Gadw mewn:
Manylion Llyfryddiaeth
Awdur Corfforaethol: Congreso Nacional de Arquitectos ( México)
Fformat: Trafodyn Cynhadledd Llyfr
Iaith:Sbaeneg
Cyhoeddwyd: México : Colegio de Arquitectos de Jalisco, 1969
Tagiau: Ychwanegu Tag
Dim Tagiau, Byddwch y cyntaf i dagio'r cofnod hwn!

MARC

LEADER 00000nam^a2200000^a^4500
001 000559677
005 20250526000000.0
009 20260310131846.968
037 |a Acervo ITESO - Biblioteca 
041 |a ESP 
091 |a FHA. 02470 
111 |a Congreso Nacional de Arquitectos (  |n 5o :  |d 1969 :  |c México) 
245 1 0 |a Jalisco :  |b planeación y urbanización / 
264 1 |a México :  |b Colegio de Arquitectos de Jalisco,  |c 1969 
300 |a 63 p. ;  |c 23.0 cm. 
336 |a texto  |b txt  |2 rdacontenido 
337 |a sin mediación  |b n  |2 rdamedio 
338 |a volumen  |b nc  |2 rdasoporte 
515 |a Inventario familia Hartung: 3422 
649 |a XX 
910 |a Fondo Horst Hartung Franz 
920 |a Impresos - Libros 
930 |a Libros Antiguos y Raros 
905 |a 135 
901 |a 0500330211  |b IT2  |c LRA  |i D  |u 20250526 
902 |a https://opac.biblio.iteso.mx/vufind/Record/000559677